000 00218nam a2200097Ia 4500
008 190216s9999||||xx |||||||||||||| ||und||
100 _aNull
245 0 _aHindi-Kajupriya
260 _bSterling Publications
942 _cBK
999 _c17657
_d17657